| 000 | 00666nam a2200241Ia 4500 | ||
|---|---|---|---|
| 005 | 20260430150519.0 | ||
| 008 | 008 250103s9999 xx 000 0 eng d | ||
| 037 | _aTheses | ||
| 040 | _aCRL | ||
| 040 | _beng | ||
| 040 | _ceng | ||
| 041 | _2eng | ||
| 041 | _aeng | ||
| 084 | _qCRL | ||
| 100 |
_aMittal Pooja Au.; Singh Indrakant Kumar Gu. _91237725 |
||
| 245 | 0 | _aDesign, Development, and Biological Evaluation of Novel MCL-1 Inhibitors as Potential Cancer Therapeutics | |
| 260 | _c2023 | ||
| 300 | _a166p. | ||
| 650 | _aZoology | ||
| 700 | _aUniversity of Delhi. Faculty of Science. Deptt.of Zoology | ||
| 942 | _cTH | ||
| 999 |
_c1849964 _d1849964 |
||